00512 2200169 4500001002300000005001700023006001900040008004100059035002600100084001500126100003700141245006300178260003600241300002700277650001500304990002300319NBPULOT00000000000559320140701091433.0a ||| | 171130| ||| |  a 0010-071400000000003 a 652 Pra m0 a Drs. Suyadi Prawirosentono, MBA00a Manajemen Operasi: Analisis dan Studi Kasus edisi keempat a Jakarta b Bumi Aksara c 2009 a xvi, 356 hlm c 23 cm 0a manajemen a 17824/APBDII/2013